[Event "Grand Swiss "]
[Date "2025.09.06"]
[White "Divya Deshmukh"]
[Black "Karthikeyan, Murali"]
[WhiteElo "2478"]
[BlackElo "2669"]
[Round "3.3.57"]
[Result "1/2-1/2"]

1. e4 {[%clk 01:40:55] [%emt 00:00:04]} e5 {[%clk 01:40:35] [%emt 00:00:25]} 2.
Nf3 {[%clk 01:41:15] [%emt 00:00:10]} Nc6 {[%clk 01:40:56] [%emt 00:00:08]} 3.
d4 {[%clk 01:41:39] [%emt 00:00:06]} exd4 {[%clk 01:41:19] [%emt 00:00:07]} 4.
Nxd4 {[%clk 01:42:07] [%emt 00:00:02]} Nf6 {[%clk 01:41:29] [%emt 00:00:20]} 5.
Nxc6 {[%clk 01:42:20] [%emt 00:00:17]} bxc6 {[%clk 01:41:52] [%emt 00:00:07]} 6.
Nd2 {[%clk 01:42:40] [%emt 00:00:10]} Bc5 {[%clk 01:41:27] [%emt 00:00:55]} 7.
e5 {[%clk 01:42:57] [%emt 00:00:14]} Qe7 {[%clk 01:39:15] [%emt 00:02:41]} 8.
Qe2 {[%clk 01:43:07] [%emt 00:00:20]} Nd5 {[%clk 01:39:25] [%emt 00:00:20]} 9.
Nb3 {[%clk 01:43:28] [%emt 00:00:09]} Bb4+ {[%clk 01:33:33] [%emt 00:06:23]} 10.
Kd1 {[%clk 01:42:44] [%emt 00:01:14]} O-O {[%clk 01:16:23] [%emt 00:17:39]} 11.
c4 {[%clk 01:40:55] [%emt 00:02:19]} Nb6 {[%clk 01:16:10] [%emt 00:00:44]} 12.
a3 {[%clk 01:36:28] [%emt 00:04:58]} Bc5 {[%clk 01:10:54] [%emt 00:05:45]} 13.
Nxc5 {[%clk 01:33:24] [%emt 00:03:34]} Qxc5 {[%clk 01:11:17] [%emt 00:00:06]}
14. Qe3 {[%clk 01:33:27] [%emt 00:00:27]} Qxe3 {[%clk 01:02:07] [%emt 00:09:40]}
15. Bxe3 {[%clk 01:33:43] [%emt 00:00:14]} Re8 {[%clk 01:02:32] [%emt 00:00:06]}
16. Bd3 {[%clk 01:25:05] [%emt 00:09:08]} Rxe5 {[%clk 00:56:08] [%emt 00:06:54]}
17. Bf4 {[%clk 01:15:33] [%emt 00:10:03]} Re7 {[%clk 00:51:37] [%emt 00:05:00]}
18. Bxc7 {[%clk 01:08:16] [%emt 00:07:48]} Nxc4 {[%clk 00:45:56] [%emt
00:06:11]} 19. Bxc4 {[%clk 01:03:59] [%emt 00:04:47]} d5 {[%clk 00:46:19] [%emt
00:00:07]} 20. Bxd5 {[%clk 00:59:19] [%emt 00:05:11]} Rd7 {[%clk 00:45:15] [%emt
00:01:34]} 21. Kc2 {[%clk 00:48:03] [%emt 00:11:46]} Rxd5 {[%clk 00:41:45] [%emt
00:04:00]} 22. Rad1 {[%clk 00:40:43] [%emt 00:07:50]} Bf5+ {[%clk 00:40:47]
[%emt 00:01:28]} 23. Kb3 {[%clk 00:41:10] [%emt 00:00:04]} Be6 {[%clk 00:36:47]
[%emt 00:04:29]} 24. Rxd5 {[%clk 00:33:37] [%emt 00:08:04]} Bxd5+ {[%clk
00:37:11] [%emt 00:00:06]} 25. Kb4 {[%clk 00:33:49] [%emt 00:00:19]} Re8 {[%clk
00:37:10] [%emt 00:00:30]} 26. Kc3 {[%clk 00:27:39] [%emt 00:06:39]} Bxg2 {[%clk
00:21:00] [%emt 00:16:41]} 27. Rg1 {[%clk 00:23:56] [%emt 00:04:13]} Bd5 {[%clk
00:21:16] [%emt 00:00:14]} 28. Rg3 {[%clk 00:22:12] [%emt 00:02:15]} Re4 {[%clk
00:12:23] [%emt 00:09:23]} 29. Re3 {[%clk 00:22:38] [%emt 00:00:04]} Rc4+ {[%clk
00:12:04] [%emt 00:00:49]} 30. Kd3 {[%clk 00:21:02] [%emt 00:02:06]} h5 {[%clk
00:12:25] [%emt 00:00:08]} 31. Rh3 {[%clk 00:14:24] [%emt 00:07:08]} Rc5 {[%clk
00:08:11] [%emt 00:04:44]} 32. b4 {[%clk 00:14:37] [%emt 00:00:17]} Rc1 {[%clk
00:08:11] [%emt 00:00:29]} 33. Be5 {[%clk 00:13:16] [%emt 00:01:52]} g6 {[%clk
00:05:36] [%emt 00:03:05]} 34. Re3 {[%clk 00:11:13] [%emt 00:02:33]} g5 {[%clk
00:04:51] [%emt 00:01:16]} 35. Bd4 {[%clk 00:08:01] [%emt 00:03:41]} Rh1 {[%clk
00:03:00] [%emt 00:02:21]} 36. Re5 {[%clk 00:03:34] [%emt 00:04:58]} f6 {[%clk
00:03:11] [%emt 00:00:19]} 37. Rf5 {[%clk 00:01:00] [%emt 00:03:05]} Rxh2 {[%clk
00:03:17] [%emt 00:00:24]} 38. Bxf6 {[%clk 00:01:07] [%emt 00:00:22]} h4 {[%clk
00:00:38] [%emt 00:03:09]} 39. Rxg5+ {[%clk 00:00:36] [%emt 00:01:02]} Kf7
{[%clk 00:00:49] [%emt 00:00:18]} 40. Bd4 {[%clk 00:00:33] [%emt 00:00:33]} Rh1
{[%clk 00:00:43] [%emt 00:00:36]} 41. Bxa7 {[%clk 00:30:04] [%emt 00:21:00]} h3
{[%clk 00:48:56] [%emt 00:02:17]} 42. Bb8 {[%emt 00:02:56]} h2 {[%emt 00:00:20]}
43. Bxh2 {[%clk 00:28:04] [%emt 00:00:07]} Rxh2 {[%emt 00:00:06]} 44. b5 {[%emt
00:03:52]} Kf6 {[%clk 00:46:07] [%emt 00:00:02]} 45. f4 {[%emt 00:00:34]} Rh3+
{[%emt 00:01:20]} 46. Kd4 {[%emt 00:03:08]} Rxa3 {[%emt 00:00:18]} 47. bxc6
{[%clk 00:24:58] [%emt 00:01:04]} Bxc6 {[%clk 00:46:09] [%emt 00:00:06]} 48. Rc5
{[%emt 00:00:53]} Ba8 {[%emt 00:00:17]} 49. Rc8 {[%emt 00:01:59]} Kf5 {[%clk
00:44:03] [%emt 00:00:29]} 50. Rf8+ {[%emt 00:00:09]} Kg4 {[%emt 00:03:26]} 51.
Rg8 {[%emt 00:00:24]} Kxf4 {[%clk 00:44:48]} 52. Rf8 {[%emt 00:00:59]} Kg3
{[%emt 00:00:38]} 53. Rf7 {[%emt 00:00:20]} Bf3 {[%clk 00:44:14] [%emt
00:00:06]} 54. Rf8 {[%emt 00:01:57]} Kf2 {[%emt 00:01:10]} 55. Rf7 {[%clk
00:22:54] [%emt 00:00:10]} Ra4+ {[%clk 00:43:08] [%emt 00:00:06]} 56. Kd3 {[%clk
00:23:13] [%emt 00:00:11]} Ra1 {[%clk 00:43:14] [%emt 00:00:24]} 57. Re7 {[%clk
00:23:24] [%emt 00:00:19]} Rd1+ {[%clk 00:43:29] [%emt 00:00:16]} 58. Kc4 {[%emt
00:01:14]} Bd5+ {[%clk 00:42:56] [%emt 00:00:04]} 59. Kc5 {[%emt 00:00:12]} Kf3
{[%emt 00:01:40]} 60. Rd7 {[%clk 00:22:58] [%emt 00:00:02]} Ke4 {[%clk 00:43:38]
[%emt 00:00:06]} 61. Re7+ {[%emt 00:00:15]} Kf5 {[%emt 00:01:18]} 62. Rh7 {[%emt
00:01:00]} Be6 {[%emt 00:00:48]} 63. Rh2 {[%emt 00:03:25]} Kf4 {[%emt 00:00:58]}
64. Rf2+ {[%emt 00:00:15]} Ke3 {[%emt 00:01:27]} 65. Rf8 {[%emt 00:00:46]} Ke4
{[%clk 00:40:19] [%emt 00:00:17]} 66. Rf2 {[%clk 00:21:12] [%emt 00:00:06]} Bg4
{[%emt 00:00:43]} 67. Rg2 {[%clk 00:21:16] [%emt 00:00:10]} Bf3 {[%emt
00:01:22]} 68. Rg8 {[%emt 00:00:13]} Rc1+ {[%emt 00:01:34]} 69. Kd6 {[%clk
00:19:16] [%emt 00:00:38]} Kd4 {[%clk 00:40:25] [%emt 00:00:41]} 70. Rg5 {[%emt
00:00:33]} Rc6+ {[%clk 00:40:44] [%emt 00:00:03]} 71. Kd7 {[%emt 00:05:41]} Ra6
{[%emt 00:01:01]} 72. Ke7 {[%emt 00:03:55]} Bd5 {[%emt 00:00:12]} 73. Rg1 {[%emt
00:01:19]} Re6+ {[%emt 00:00:23]} 74. Kd7 {[%emt 00:00:18]} Rh6 {[%emt
00:01:56]} 75. Ke7 {[%emt 00:00:12]} Kc5 {[%emt 00:02:25]} 76. Rc1+ {[%clk
00:16:32] [%emt 00:00:03]} Bc4 {[%emt 00:00:27]} 77. Re1 {[%emt 00:00:48]} Rh7+
{[%emt 00:00:15]} 78. Kf6 {[%emt 00:00:48]} Rf7+ {[%emt 00:00:33]} 79. Kg6
{[%emt 00:01:26]} Rf3 {[%emt 00:01:55]} 80. Ra1 {[%emt 00:01:32]} Kd6 {[%emt
00:00:38]} 81. Kg5 {[%emt 00:01:17]} Rf2 {[%emt 00:01:11]} 82. Kg4 {[%emt
00:01:13]} Ke5 {[%emt 00:01:09]} 83. Re1+ {[%emt 00:00:10]} Kd4 {[%emt
00:02:52]} 84. Re8 {[%emt 00:00:17]} Bd3 {[%emt 00:00:46]} 85. Kg3 {[%emt
00:03:47]} Rf1 {[%emt 00:01:37]} 86. Re7 {[%emt 00:01:22]} Be4 {[%clk 00:25:42]
[%emt 00:00:27]} 87. Ra7 {[%clk 00:08:53] [%emt 00:00:04]} Ke3 {[%clk 00:26:04]
[%emt 00:00:09]} 88. Ra3+ {[%clk 00:09:18] [%emt 00:00:05]} Bd3 {[%emt
00:00:12]} 89. Rb3 {[%emt 00:00:12]} Rg1 {[%clk 00:26:40] [%emt 00:00:10]} 90.
Kh3 {[%emt 00:01:46]} Ke4 {[%clk 00:25:19] [%emt 00:00:07]} 91. Kh2 {[%clk
00:10:28] [%emt 00:00:07]} Rg8 {[%clk 00:25:37] [%emt 00:00:12]} 92. Ra3 {[%emt
00:01:25]} Be2 {[%clk 00:24:34] [%emt 00:00:19]} 93. Rg3 {[%emt 00:01:00]} Rf8
{[%emt 00:05:06]} 94. Kg2 {[%emt 00:01:08]} Bf3+ {[%emt 00:00:43]} 95. Kf2
{[%emt 00:01:28]} Bh5+ {[%emt 00:00:22]} 96. Ke1 {[%emt 00:00:08]} Rd8 {[%emt
00:00:15]} 97. Ra3 {[%clk 00:06:37] [%emt 00:00:01]} Kf4 {[%emt 00:03:28]} 98.
Ra4+ {[%emt 00:00:07]} Kg3 {[%clk 00:23:49] [%emt 00:00:05]} 99. Ra3+ {[%clk
00:04:08] [%emt 00:00:03]} Bf3 {[%clk 00:24:09] [%emt 00:00:10]} 100. Ra1 {[%emt
00:00:37]} Rd3 {[%emt 00:00:32]} 101. Rb1 {[%emt 00:00:15]} Kf4 {[%emt
00:00:04]} 1/2-1/2

[Site "Europe Echecs"]

[Event "Grand Swiss "]
[Date "2025.09.06"]
[White "Abdisalimov, Abdimalik"]
[Black "Olisa, Tennyson Ewomazino"]
[WhiteElo "2488"]
[BlackElo "2287"]
[Round "3.3.58"]
[Result "1/2-1/2"]

1. Nf3 {[%clk 01:39:40] [%emt 00:01:20]} Nf6 {[%clk 01:40:06] [%emt 00:00:54]}
2. c4 {[%clk 01:40:05] [%emt 00:00:05]} c5 {[%clk 01:39:55] [%emt 00:00:40]} 3.
g3 {[%clk 01:40:26] [%emt 00:00:10]} Nc6 {[%clk 01:40:08] [%emt 00:00:17]} 4. d4
{[%clk 01:39:34] [%emt 00:01:22]} cxd4 {[%clk 01:37:55] [%emt 00:02:44]} 5. Nxd4
{[%clk 01:39:57] [%emt 00:00:07]} d5 {[%clk 01:35:53] [%emt 00:02:31]} 6. Bg2
{[%clk 01:40:13] [%emt 00:00:14]} e6 {[%clk 01:35:52] [%emt 00:00:31]} 7. O-O
{[%clk 01:40:35] [%emt 00:00:08]} Bc5 {[%clk 01:35:56] [%emt 00:00:26]} 8. Nb3
{[%clk 01:39:44] [%emt 00:01:21]} Be7 {[%clk 01:36:05] [%emt 00:00:21]} 9. cxd5
{[%clk 01:33:26] [%emt 00:06:48]} exd5 {[%clk 01:36:25] [%emt 00:00:10]} 10. Nc3
{[%clk 01:33:43] [%emt 00:00:13]} Be6 {[%clk 01:36:53] [%emt 00:00:02]} 11. Nd4
{[%clk 01:20:35] [%emt 00:13:38]} O-O {[%clk 01:34:06] [%emt 00:03:16]} 12. Nxe6
{[%clk 01:17:28] [%emt 00:03:37]} fxe6 {[%clk 01:34:33] [%emt 00:00:03]} 13. b3
{[%clk 01:16:41] [%emt 00:01:17]} Bb4 {[%clk 01:30:15] [%emt 00:04:48]} 14. Bb2
{[%clk 01:13:02] [%emt 00:04:09]} Qa5 {[%clk 01:28:42] [%emt 00:02:03]} 15. Na4
{[%clk 01:12:54] [%emt 00:00:39]} b5 {[%clk 01:21:33] [%emt 00:07:38]} 16. a3
{[%clk 01:09:41] [%emt 00:03:44]} Bd6 {[%clk 01:21:13] [%emt 00:00:49]} 17. Rc1
{[%clk 01:08:40] [%emt 00:01:31]} Rac8 {[%clk 01:08:28] [%emt 00:13:15]} 18. Nc5
{[%clk 01:05:22] [%emt 00:03:48]} Bxc5 {[%clk 01:08:06] [%emt 00:00:52]} 19.
Rxc5 {[%clk 01:05:43] [%emt 00:00:09]} Qb6 {[%clk 01:07:33] [%emt 00:01:04]} 20.
Rc1 {[%clk 01:04:36] [%emt 00:01:36]} Ne7 {[%clk 00:56:41] [%emt 00:11:21]} 21.
Rxc8 {[%clk 00:57:20] [%emt 00:07:47]} Rxc8 {[%clk 00:54:23] [%emt 00:02:48]}
22. Bd4 {[%clk 00:55:23] [%emt 00:02:27]} Qc6 {[%clk 00:45:51] [%emt 00:09:03]}
23. Qa1 {[%clk 00:49:23] [%emt 00:06:30]} Kf7 {[%clk 00:46:13] [%emt 00:00:08]}
24. Bxa7 {[%clk 00:47:05] [%emt 00:02:48]} Qc2 {[%clk 00:46:17] [%emt 00:00:26]}
25. b4 {[%clk 00:46:45] [%emt 00:00:50]} Qxe2 {[%clk 00:45:46] [%emt 00:01:01]}
26. Re1 {[%clk 00:45:37] [%emt 00:01:37]} Qc2 {[%clk 00:40:30] [%emt 00:05:46]}
27. Qe5 {[%clk 00:39:13] [%emt 00:06:54]} Qf5 {[%clk 00:34:02] [%emt 00:06:57]}
28. Qe2 {[%clk 00:36:33] [%emt 00:03:10]} Rc4 {[%clk 00:32:22] [%emt 00:02:12]}
29. Qf1 {[%clk 00:32:10] [%emt 00:04:53]} g5 {[%clk 00:27:48] [%emt 00:05:04]}
30. Bc5 {[%clk 00:26:36] [%emt 00:06:04]} Nc6 {[%clk 00:26:49] [%emt 00:01:28]}
31. Qe2 {[%clk 00:24:40] [%emt 00:02:27]} e5 {[%clk 00:23:08] [%emt 00:04:11]}
32. f3 {[%clk 00:19:09] [%emt 00:06:00]} h5 {[%clk 00:13:28] [%emt 00:10:10]}
33. Rd1 {[%clk 00:11:02] [%emt 00:08:38]} Rc2 {[%clk 00:04:22] [%emt 00:09:36]}
34. Qxb5 {[%clk 00:09:04] [%emt 00:02:28]} Rxg2+ {[%clk 00:04:45] [%emt
00:00:06]} 35. Kxg2 {[%clk 00:09:31] [%emt 00:00:04]} Qc2+ {[%clk 00:05:10]
[%emt 00:00:05]} 36. Bf2 {[%clk 00:09:57] [%emt 00:00:04]} Qxd1 {[%clk 00:05:35]
[%emt 00:00:05]} 37. Qxc6 {[%clk 00:10:24] [%emt 00:00:03]} g4 {[%clk 00:05:17]
[%emt 00:00:49]} 38. Qc7+ {[%clk 00:08:45] [%emt 00:02:09]} Ke6 {[%clk 00:05:06]
[%emt 00:00:41]} 39. Qc8+ {[%clk 00:07:33] [%emt 00:01:42]} Kf7 {[%clk 00:05:34]
[%emt 00:00:02]} 40. Qf5 {[%clk 00:05:15] [%emt 00:02:48]} Qe2 {[%clk 00:05:21]
[%emt 00:00:43]} 41. fxg4 {[%clk 00:39:42] [%emt 00:16:04]} hxg4 {[%clk
00:55:35] [%emt 00:00:15]} 42. b5 {[%clk 00:40:00] [%emt 00:00:11]} e4 {[%clk
00:52:36] [%emt 00:03:29]} 43. Qe5 {[%clk 00:38:01] [%emt 00:02:28]} Qxb5 {[%clk
00:52:08] [%emt 00:00:59]} 44. Bd4 {[%clk 00:37:58] [%emt 00:00:33]} Qe2+ {[%clk
00:52:12] [%emt 00:00:26]} 45. Kg1 {[%clk 00:38:22] [%emt 00:00:06]} Qe1+ {[%clk
00:51:28] [%emt 00:01:14]} 46. Kg2 {[%clk 00:38:50] [%emt 00:00:02]} Qe2+ {[%clk
00:51:56] [%emt 00:00:02]} 47. Kg1 {[%clk 00:39:14] [%emt 00:00:06]} 1/2-1/2

[Site "Europe Echecs"]

[Event "Grand Swiss "]
[Date "2025.09.08"]
[White "Maghsoodloo, Parham"]
[Black "Abdusattorov, Nodirbek"]
[WhiteElo "2692"]
[BlackElo "2748"]
[Round "4.4.1"]
[Result "1/2-1/2"]

1. c4 {[%clk 01:40:57] [%emt 00:00:01]} c6 {[%clk 01:40:42] [%emt 00:00:19]} 2.
d4 {[%clk 01:34:41] [%emt 00:06:46]} d5 {[%clk 01:41:06] [%emt 00:00:06]} 3. Nf3
{[%clk 01:35:01] [%emt 00:00:10]} Nf6 {[%clk 01:41:31] [%emt 00:00:05]} 4. Nc3
{[%clk 01:33:36] [%emt 00:01:56]} dxc4 {[%clk 01:41:47] [%emt 00:00:14]} 5. a4
{[%clk 01:33:16] [%emt 00:00:50]} e6 {[%clk 01:41:50] [%emt 00:00:27]} 6. e3
{[%clk 01:32:25] [%emt 00:01:22]} c5 {[%clk 01:42:05] [%emt 00:00:15]} 7. Bxc4
{[%clk 01:32:39] [%emt 00:00:16]} Nc6 {[%clk 01:42:14] [%emt 00:00:20]} 8. Qe2
{[%clk 01:26:46] [%emt 00:06:24]} cxd4 {[%clk 01:39:16] [%emt 00:03:28]} 9. exd4
{[%clk 01:26:10] [%emt 00:01:06]} Be7 {[%clk 01:39:33] [%emt 00:00:12]} 10. Be3
{[%clk 01:26:29] [%emt 00:00:12]} O-O {[%clk 01:39:11] [%emt 00:00:52]} 11. Rd1
{[%clk 01:26:46] [%emt 00:00:14]} Nb4 {[%clk 01:37:24] [%emt 00:02:15]} 12. O-O
{[%clk 01:22:28] [%emt 00:04:48]} Bd7 {[%clk 01:37:01] [%emt 00:00:53]} 13. Ne5
{[%clk 01:21:36] [%emt 00:01:22]} Bc6 {[%clk 01:37:21] [%emt 00:00:09]} 14. f4
{[%clk 01:19:38] [%emt 00:02:29]} Rc8 {[%clk 01:12:50] [%emt 00:25:02]} 15. f5
{[%clk 01:10:55] [%emt 00:09:13]} Bd5 {[%clk 01:10:16] [%emt 00:03:04]} 16. fxe6
{[%clk 01:10:16] [%emt 00:01:09]} Bxc4 {[%clk 01:08:45] [%emt 00:02:01]} 17.
Nxc4 {[%clk 01:10:40] [%emt 00:00:06]} fxe6 {[%clk 01:09:12] [%emt 00:00:03]}
18. Bc1 {[%clk 01:00:29] [%emt 00:10:41]} Rc6 {[%clk 01:06:37] [%emt 00:03:06]}
19. Ne5 {[%clk 00:58:53] [%emt 00:02:05]} Rb6 {[%clk 00:47:58] [%emt 00:19:09]}
20. Nb5 {[%clk 00:54:28] [%emt 00:04:54]} a6 {[%clk 00:41:12] [%emt 00:07:17]}
21. Nc3 {[%clk 00:51:23] [%emt 00:03:35]} Rd6 {[%clk 00:39:58] [%emt 00:01:44]}
22. Nc4 {[%clk 00:47:11] [%emt 00:04:41]} Rc6 {[%clk 00:39:55] [%emt 00:00:33]}
23. Ne5 {[%clk 00:40:32] [%emt 00:07:09]} Rd6 {[%clk 00:40:20] [%emt 00:00:05]}
24. Nf3 {[%clk 00:39:42] [%emt 00:01:19]} Nc6 {[%clk 00:25:04] [%emt 00:15:47]}
25. Kh1 {[%clk 00:26:47] [%emt 00:13:24]} Nxd4 {[%clk 00:23:37] [%emt 00:01:58]}
26. Nxd4 {[%clk 00:26:11] [%emt 00:01:06]} Rxd4 {[%clk 00:24:03] [%emt
00:00:04]} 27. Qxe6+ {[%clk 00:26:36] [%emt 00:00:05]} Rf7 {[%clk 00:24:22]
[%emt 00:00:10]} 28. Bg5 {[%clk 00:25:23] [%emt 00:01:44]} Qd6 {[%clk 00:19:55]
[%emt 00:04:56]} 29. Qb3 {[%clk 00:14:03] [%emt 00:11:51]} Qb4 {[%clk 00:16:16]
[%emt 00:04:08]} 30. Qa2 {[%clk 00:11:53] [%emt 00:02:41]} Qc4 {[%clk 00:15:24]
[%emt 00:01:22]} 31. Qxc4 {[%clk 00:09:53] [%emt 00:02:30]} Rxc4 {[%clk
00:15:52] [%emt 00:00:03]} 32. h3 {[%clk 00:08:49] [%emt 00:01:33]} h6 {[%clk
00:14:33] [%emt 00:01:50]} 33. Be3 {[%clk 00:05:32] [%emt 00:03:46]} Ne4 {[%clk
00:08:31] [%emt 00:06:32]} 34. Rxf7 {[%clk 00:05:50] [%emt 00:00:13]} Kxf7
{[%clk 00:08:53] [%emt 00:00:08]} 35. Nxe4 {[%clk 00:06:04] [%emt 00:00:16]}
Rxe4 {[%clk 00:09:19] [%emt 00:00:04]} 36. Bd4 {[%clk 00:06:24] [%emt 00:00:09]}
h5 {[%clk 00:08:18] [%emt 00:01:31]} 37. b3 {[%clk 00:04:14] [%emt 00:02:41]} g6
{[%clk 00:07:44] [%emt 00:01:04]} 38. Bf2 {[%clk 00:02:47] [%emt 00:01:57]} Ke6
{[%clk 00:07:30] [%emt 00:00:44]} 39. Kg1 {[%clk 00:02:56] [%emt 00:00:20]} Re2
{[%clk 00:07:05] [%emt 00:00:54]} 40. Re1 {[%clk 00:00:42] [%emt 00:02:46]}
Rxe1+ {[%clk 00:07:20] [%emt 00:00:15]} 41. Bxe1 {[%clk 00:01:08] [%emt
00:00:04]} Kd5 {[%clk 00:07:07] [%emt 00:00:43]} 42. Kf1 {[%clk 00:01:35] [%emt
00:00:02]} Kd4 {[%clk 00:07:12] [%emt 00:00:25]} 43. Ke2 {[%clk 00:02:03] [%emt
00:00:02]} b6 {[%clk 00:01:08] [%emt 00:06:34]} 44. Bd2 {[%clk 00:44:41] [%emt
00:07:52]} Bc5 {[%clk 00:47:48] [%emt 00:03:49]} 45. Be1 {[%clk 00:43:42] [%emt
00:01:30]} a5 {[%clk 00:47:51] [%emt 00:00:28]} 46. h4 {[%clk 00:39:55] [%emt
00:04:17]} Bb4 {[%clk 00:44:20] [%emt 00:04:00]} 47. Bf2+ {[%clk 00:35:32] [%emt
00:04:53]} Kc3 {[%clk 00:44:36] [%emt 00:00:15]} 48. Bxb6 {[%clk 00:35:58] [%emt
00:00:04]} Kxb3 {[%clk 00:45:03] [%emt 00:00:04]} 49. Kf3 {[%clk 00:36:22] [%emt
00:00:05]} Kxa4 {[%clk 00:45:21] [%emt 00:00:12]} 50. g4 {[%clk 00:36:50] [%emt
00:00:02]} Be7 {[%clk 00:45:18] [%emt 00:00:34]} 51. gxh5 {[%clk 00:37:14] [%emt
00:00:06]} gxh5 {[%clk 00:45:47] [%emt 00:00:01]} 52. Bxa5 {[%clk 00:37:37]
[%emt 00:00:07]} Kxa5 {[%clk 00:46:16] [%emt 00:00:01]} 53. Kg2 {[%clk 00:38:01]
[%emt 00:00:06]} Bxh4 {[%clk 00:46:43] [%emt 00:00:03]} 54. Kh3 {[%clk 00:38:27]
[%emt 00:00:03]} Kb5 {[%clk 00:47:11] [%emt 00:00:02]} 55. Kxh4 {[%clk 00:38:54]
[%emt 00:00:03]} Kc5 {[%clk 00:47:40] [%emt 00:00:01]} 56. Kxh5 {[%emt
00:00:04]} 1/2-1/2

[Site "Europe Echecs"]